The Gospels : (Record no. 6783)
[ view plain ]
| 000 -LEADER | |
|---|---|
| fixed length control field | 01634nam a22002297a 4500 |
| 001 - CONTROL NUMBER | |
| control field | 6783 |
| 003 - CONTROL NUMBER IDENTIFIER | |
| control field | FISKH |
| 005 - DATE AND TIME OF LATEST TRANSACTION | |
| control field | 20250930080944.0 |
| 008 - FIXED-LENGTH DATA ELEMENTS--GENERAL INFORMATION | |
| fixed length control field | 250528b cb ||||| |||| 00| 0 eng d |
| 020 ## - INTERNATIONAL STANDARD BOOK NUMBER | |
| International Standard Book Number | 9780794832162 |
| 040 ## - CATALOGING SOURCE | |
| Original cataloging agency | FISKH |
| Language of cataloging | eng |
| Transcribing agency | FISKH |
| Modifying agency | FISKH |
| 050 ## - LIBRARY OF CONGRESS CALL NUMBER | |
| Classification number | BT301 .G67 |
| 082 ## - DEWEY DECIMAL CLASSIFICATION NUMBER | |
| Classification number | 232.901 |
| 100 ## - MAIN ENTRY--PERSONAL NAME | |
| Personal name | Whitman Publishing |
| 245 ## - TITLE STATEMENT | |
| Title | The Gospels : |
| Remainder of title | A Vault on the Life of Jesus Christ / |
| Statement of responsibility, etc. | By Whitman Publishing |
| 260 ## - PUBLICATION, DISTRIBUTION, ETC. | |
| Place of publication, distribution, etc. | Virginia : |
| Name of publisher, distributor, etc. | Whitman Publishing , |
| Date of publication, distribution, etc. | 2010. |
| 300 ## - PHYSICAL DESCRIPTION | |
| Extent | 144 unnumbered pages : |
| Other physical details | color illustrations ; |
| Dimensions | 27 cm . |
| 520 ## - SUMMARY, ETC. | |
| Summary, etc. | The Gospel Vault: The Life of Jesus Christ features the story of His extraordinary ministry not only through the holy scriptures of Matthew, Mark, Luke and John, but through centuries of artistic depictions of the Savior's life. Selected events of Christ's childhood, ministry, death and resurrection are lavishly illustrated with a rich pallet of artistic media that spans over 2,000 years. Paintings, sculptures, drawings, etchings, textiles, carvings and mosaics from the ancient to the modern are woven together to create a breathtaking overview of His life. Many of the artworks found in this book are famous, but there are also numerous and fascinating pieces of art from some of the world's lesser-known collections. The text, presented alongside actual scripture, provides an easy-to-understand framework for a deeper insight into the events depicted on the pages, the artists represented and the historical backdrop against which the art was created. |
| 650 ## - SUBJECT ADDED ENTRY--TOPICAL TERM | |
| Topical term or geographic name entry element | New Testament Gospels |
| Form subdivision | Non-fiction |
| 942 ## - ADDED ENTRY ELEMENTS (KOHA) | |
| Source of classification or shelving scheme | Dewey Decimal Classification |
| Koha item type | Books |
| Suppress in OPAC | No |
| Withdrawn status | Lost status | Source of classification or shelving scheme | Damaged status | Not for loan | Collection | Home library | Current library | Shelving location | Date acquired | Total Checkouts | Full call number | Barcode | Date last seen | Copy number | Price effective from | Koha item type |
|---|---|---|---|---|---|---|---|---|---|---|---|---|---|---|---|---|
| Dewey Decimal Classification | Non-Fiction | Footprints International School Library Network Toul Kork Campus | Footprints International School Library Network Toul Kork Campus | A TK Campus, 4th Floor, Room B401, Non-Fiction Bookcases(7-8) | 09/30/2025 | WHI 232.901 BT301 .G67 | 2025-4435 | 09/30/2025 | 2 | 09/30/2025 | Books | |||||
| Dewey Decimal Classification | Non-Fiction | Footprints International School Library Network Toul Kork Campus | Footprints International School Library Network Toul Kork Campus | A TK Campus, 4th Floor, Room B401, Non-Fiction Bookcases(7-8) | 09/30/2025 | WHI 232.901 BT301 .G67 | 2025-4436 | 09/30/2025 | 3 | 09/30/2025 | Books | |||||
| Dewey Decimal Classification | Non-Fiction | Footprints International School Library Network Toul Kork Campus | Footprints International School Library Network Toul Kork Campus | A TK Campus, 4th Floor, Room B401, Non-Fiction Bookcases(7-8) | 09/30/2025 | WHI 232.901 BT301 .G67 | 2025-4437 | 09/30/2025 | 4 | 09/30/2025 | Books | |||||
| Dewey Decimal Classification | Non-Fiction | Footprints International School Library Network Toul Kork Campus | Footprints International School Library Network Toul Kork Campus | A TK Campus, 4th Floor, Room B401, Non-Fiction Bookcases(7-8) | 09/30/2025 | WHI 232.901 BT301 .G67 | 2025-4438 | 09/30/2025 | 5 | 09/30/2025 | Books | |||||
| Dewey Decimal Classification | Non-Fiction | Footprints International School Library Network Toul Tom Poung Campus | Footprints International School Library Network Toul Tom Poung Campus | TTP Secondary Non-Fiction Bookshelves | 05/28/2025 | WHI 232.901 BT301 .G67 | 2025-1416 | 05/28/2025 | 1 | 05/28/2025 | Books |
